| 000 | 01508cam a2200277 4500500 | ||
|---|---|---|---|
| 005 | 20251228060116.0 | ||
| 041 | _afre | ||
| 042 | _adc | ||
| 100 | 1 | 0 |
_aMabrut, Jean-Paul _eauthor |
| 700 | 1 | 0 |
_aTurbe, Sabine _eauthor |
| 245 | 0 | 0 | _aJuges des enfants, pédopsychiatres : vers de nouvelles obligations réciproques |
| 260 | _c2005. | ||
| 500 | _a65 | ||
| 520 | _aRésumé Des troubles de comportement amènent certains jeunes sujets devant la justice. Comment organiser avec les juges pour enfants une meilleure approche thérapeutique et sociale de ces jeunes. Les auteurs fournissent quelques pistes de réflexion inspirées d’une expérience conduite à Clermont-Ferrand entre juges et psychiatres. | ||
| 520 | _aSummary Behaviour disorders may bring some youngsters before the courts. How a better therapeutic and social approach for these youngsters could be organized with the juvenile court judges? The authors of this article give some clues derived from a true experiment carried out with magistrates and psychiatrics in Clermont Ferrand. | ||
| 690 | _aabus sexuels | ||
| 690 | _adélinquance | ||
| 690 | _aexpertise clinique | ||
| 690 | _aOPP | ||
| 690 | _apathologie | ||
| 690 | _ajuvenile court | ||
| 690 | _amagistrates and psychiatrics collaboration | ||
| 690 | _ayoung offender | ||
| 786 | 0 | _nEnfances & Psy | 30 | 1 | 2005-12-01 | p. 134-143 | 1286-5559 | |
| 856 | 4 | 1 | _uhttps://shs.cairn.info/revue-enfances-et-psy-2006-1-page-134?lang=fr&redirect-ssocas=7080 |
| 999 |
_c1586995 _d1586995 |
||